000 00358nam a2200145Ia 4500
008 151213s9999 xx 000 0 und d
100 _aA . Besher
245 _aThe Pacific Rim Almanac
_cA . Besher
260 _aNew York
_bHerper Perennied
_c1991
300 _a2674 p.
650 _aMarketing
650 _aMarketing
700 _aA . Besher
999 _c1786
_d1786